[Event "NB II. Toth Laszlo csoport"]
[Site "Gyula"]
[Date "2024.05.12"]
[Round "9.1"]
[White "Fabian Nagy, Sandor"]
[Black "Oltean, Cristian-Daniel"]
[Result "0-1"]
[WhiteElo "1962"]
[BlackElo "2110"]
[PlyCount "94"]
[EventDate "2023.10.08"]
[EventType "team-tourn"]
[EventRounds "9"]
[EventCountry "HUN"]
[Source "chess.hu"]
[WhiteTeam "Bekesszentandras-KuTE"]
[BlackTeam "Gyulai SE"]
[WhiteTeamCountry "HUN"]
[BlackTeamCountry "HUN"]

1. e4 g6 2. d4 Bg7 3. c4 c5 4. d5 d6 5. Nf3 Nf6 6. Nc3 b5 7. cxb5 a6 8. bxa6
O-O 9. Be2 Bxa6 10. O-O Qb6 11. Re1 Nfd7 12. Qc2 Bxe2 13. Rxe2 Na6 14. Be3 Rfb8
15. b3 Qa5 16. Rc1 Nb4 17. Qd2 Bxc3 18. Qxc3 Nxa2 19. Qxa5 Rxa5 20. Ra1 Rxb3
21. Kf1 Rba3 22. Rb2 Nb4 23. Rxa3 Rxa3 24. Bd2 Ra4 25. Ke2 f6 26. Bc3 Kf7 27.
Bd2 g5 28. g4 Nb6 29. Kf1 Ra1+ 30. Kg2 Nc4 31. Rb3 Nxd2 32. Nxd2 Rd1 33. Nf3
Nd3 34. Kg3 Nf4 35. Rb5 c4 36. Rb2 Rd3 37. Rc2 c3 38. Ra2 h6 39. h4 Ke8 40.
hxg5 hxg5 41. Rc2 Kd7 42. Ra2 Kc7 43. Rc2 Kb6 44. Ra2 Kb5 45. Ra8 c2 46. Rb8+
Ka6 47. Rc8 c1=Q 0-1

[Event "NB II. Toth Laszlo csoport"]
[Site "Gyula"]
[Date "2024.05.12"]
[Round "9.2"]
[White "Tamas, Kornel"]
[Black "Puskas, Mihaly"]
[Result "0-1"]
[WhiteElo "2002"]
[BlackElo "1953"]
[PlyCount "44"]
[EventDate "2023.10.08"]
[EventType "team-tourn"]
[EventRounds "9"]
[EventCountry "HUN"]
[Source "chess.hu"]
[WhiteTeam "Gyulai SE"]
[BlackTeam "Bekesszentandras-KuTE"]
[WhiteTeamCountry "HUN"]
[BlackTeamCountry "HUN"]

1. d4 d5 2. c4 e6 3. Nf3 c6 4. g3 Nd7 5. Bg2 dxc4 6. O-O b5 7. a4 Bb7 8. Nc3 a6
9. b3 b4 10. Ne4 c3 11. Bf4 Nb6 12. Ne5 Nd5 13. Qc1 Nxf4 14. Qxf4 Qc7 15. Nxc6
Qxf4 16. gxf4 Rc8 17. Ne5 Bd5 18. Ng5 f6 19. Bxd5 exd5 20. Nef7 fxg5 21. Nxh8
gxf4 22. e4 dxe4 0-1

[Event "NB II. Toth Laszlo csoport"]
[Site "Gyula"]
[Date "2024.05.12"]
[Round "9.3"]
[White "Hajdu, Istvan"]
[Black "Gombos, Janos"]
[Result "1/2-1/2"]
[WhiteElo "1848"]
[BlackElo "1985"]
[PlyCount "45"]
[EventDate "2023.10.08"]
[EventType "team-tourn"]
[EventRounds "9"]
[EventCountry "HUN"]
[Source "chess.hu"]
[WhiteTeam "Bekesszentandras-KuTE"]
[BlackTeam "Gyulai SE"]
[WhiteTeamCountry "HUN"]
[BlackTeamCountry "HUN"]

1. e4 e5 2. Nf3 Nc6 3. d4 exd4 4. Bc4 Bc5 5. c3 Nf6 6. e5 d5 7. Bb5 Ne4 8. cxd4
Bb4+ 9. Nbd2 O-O 10. O-O Bg4 11. Bxc6 bxc6 12. Qc2 Nxd2 13. Bxd2 Bxf3 14. gxf3
Bxd2 15. Qxd2 Qh4 16. Rfe1 Rae8 17. Re3 Re6 18. Rc1 Rg6+ 19. Kf1 Qxh2 20. Ke2
Rg2 21. Rf1 Rb8 22. Ra3 Rb7 23. b4 1/2-1/2

[Event "NB II. Toth Laszlo csoport"]
[Site "Gyula"]
[Date "2024.05.12"]
[Round "9.5"]
[White "Zsirmik, Zsombor"]
[Black "Banyai, Istvan"]
[Result "1/2-1/2"]
[WhiteElo "1737"]
[BlackElo "1956"]
[PlyCount "33"]
[EventDate "2023.10.08"]
[EventType "team-tourn"]
[EventRounds "9"]
[EventCountry "HUN"]
[Source "chess.hu"]
[WhiteTeam "Bekesszentandras-KuTE"]
[BlackTeam "Gyulai SE"]
[WhiteTeamCountry "HUN"]
[BlackTeamCountry "HUN"]

1. e4 c6 2. d4 d5 3. exd5 cxd5 4. Bd3 Nf6 5. Nf3 Nc6 6. c3 e6 7. O-O h6 8. h3
Bd6 9. Be3 Bd7 10. Re1 Qc7 11. a4 Na5 12. Na3 Bxa3 13. Rxa3 Nc4 14. Bxc4 Qxc4
15. Ne5 Qc8 16. f3 O-O 17. Qd2 1/2-1/2

[Event "NB II. Toth Laszlo csoport"]
[Site "Gyula"]
[Date "2024.05.12"]
[Round "9.6"]
[White "Cretu, Sorin-Alexandru"]
[Black "Kovacs, Tibor T"]
[Result "1/2-1/2"]
[WhiteElo "1826"]
[BlackElo "1800"]
[PlyCount "40"]
[EventDate "2023.10.08"]
[EventType "team-tourn"]
[EventRounds "9"]
[EventCountry "HUN"]
[Source "chess.hu"]
[WhiteTeam "Gyulai SE"]
[BlackTeam "Bekesszentandras-KuTE"]
[WhiteTeamCountry "HUN"]
[BlackTeamCountry "HUN"]

1. e4 e6 2. d4 d5 3. exd5 exd5 4. Nf3 Bd6 5. Bd3 Ne7 6. O-O O-O 7. Re1 Bf5 8.
c3 Bxd3 9. Qxd3 c6 10. Nbd2 Na6 11. Nf1 Ng6 12. Bd2 Re8 13. Rxe8+ Qxe8 14. Re1
Qd7 15. Ng3 Bf4 16. Nh5 Bxd2 17. Qxd2 f6 18. h3 Re8 19. Nf4 Rxe1+ 20. Nxe1 Nc7
1/2-1/2

[Event "NB II. Toth Laszlo csoport"]
[Site "Gyula"]
[Date "2024.05.12"]
[Round "9.7"]
[White "Tari, Janos"]
[Black "Solymosi, Ferenc"]
[Result "1/2-1/2"]
[WhiteElo "1714"]
[BlackElo "1909"]
[PlyCount "35"]
[EventDate "2023.10.08"]
[EventType "team-tourn"]
[EventRounds "9"]
[EventCountry "HUN"]
[Source "chess.hu"]
[WhiteTeam "Bekesszentandras-KuTE"]
[BlackTeam "Gyulai SE"]
[WhiteTeamCountry "HUN"]
[BlackTeamCountry "HUN"]

1. e4 c5 2. Nf3 d6 3. Bc4 Nc6 4. d4 cxd4 5. Nxd4 Nf6 6. Nc3 e6 7. Bb5 Qc7 8.
Qf3 Bd7 9. Qd3 Be7 10. Nxc6 Bxc6 11. Bf4 a6 12. Bxc6+ Qxc6 13. f3 O-O-O 14.
O-O-O d5 15. exd5 Nxd5 16. Nxd5 Rxd5 17. Qe4 Rxd1+ 18. Rxd1 1/2-1/2

[Event "NB II. Toth Laszlo csoport"]
[Site "Gyula"]
[Date "2024.05.12"]
[Round "9.8"]
[White "Gurzo, Bence Bendeguz"]
[Black "Aczel-Szabo, Csongor"]
[Result "1-0"]
[WhiteElo "1781"]
[BlackElo "1720"]
[PlyCount "91"]
[EventDate "2023.10.08"]
[EventType "team-tourn"]
[EventRounds "9"]
[EventCountry "HUN"]
[Source "chess.hu"]
[WhiteTeam "Gyulai SE"]
[BlackTeam "Bekesszentandras-KuTE"]
[WhiteTeamCountry "HUN"]
[BlackTeamCountry "HUN"]

1. f4 e6 2. Nf3 f5 3. g3 Nf6 4. Bg2 Be7 5. d3 c5 6. O-O O-O 7. Nc3 Nc6 8. e4 d5
9. Ne5 fxe4 10. Nxc6 bxc6 11. dxe4 d4 12. e5 Nd5 13. Nxd5 cxd5 14. c3 Ba6 15.
Re1 Qb6 16. Bf1 Bxf1 17. Rxf1 dxc3 18. bxc3 Rad8 19. Qb3 c4+ 20. Qxb6 axb6 21.
Be3 Bc5 22. Kf2 d4 23. cxd4 Bxd4 24. Rab1 Bxe3+ 25. Kxe3 Rd3+ 26. Ke2 Ra8 27.
Rb2 Rd5 28. Rc1 b5 29. Rc3 g5 30. fxg5 Rxe5+ 31. Re3 Rxe3+ 32. Kxe3 Ra5 33. Kd4
Kf7 34. Ke4 c3 35. Rc2 b4 36. h4 Ke7 37. g4 Kd6 38. Kd4 Rc5 39. Kd3 e5 40. Rf2
e4+ 41. Kc2 Rd5 42. a3 Rd2+ 43. Rxd2+ cxd2 44. axb4 e3 45. h5 Ke5 46. g6 1-0

[Event "NB II. Toth Laszlo csoport"]
[Site "Gyula"]
[Date "2024.05.12"]
[Round "9.9"]
[White "Szilagyi, Peter"]
[Black "Budai, Mate"]
[Result "1-0"]
[WhiteElo "1671"]
[BlackElo "1652"]
[PlyCount "37"]
[EventDate "2023.10.08"]
[EventType "team-tourn"]
[EventRounds "9"]
[EventCountry "HUN"]
[Source "chess.hu"]
[WhiteTeam "Bekesszentandras-KuTE"]
[BlackTeam "Gyulai SE"]
[WhiteTeamCountry "HUN"]
[BlackTeamCountry "HUN"]

1. e4 e5 2. Nf3 d6 3. d4 exd4 4. Nxd4 Nf6 5. Nd2 Bd7 6. Bc4 Nc6 7. c3 g6 8. O-O
Qe7 9. Re1 O-O-O 10. b4 Nxd4 11. cxd4 d5 12. exd5 Qxb4 13. Re3 Ba4 14. Qf3 Bg7
15. Rb1 Qf8 16. Ba3 Qg8 17. Be7 Bh6 18. Qh3+ Rd7 19. Ra3 1-0

[Event "NB II. Toth Laszlo csoport"]
[Site "Gyula"]
[Date "2024.05.12"]
[Round "9.10"]
[White "Major, Peter"]
[Black "Fulajtar, Istvan"]
[Result "1-0"]
[WhiteElo "1653"]
[BlackElo "1692"]
[PlyCount "51"]
[EventDate "2023.10.08"]
[EventType "team-tourn"]
[EventRounds "9"]
[EventCountry "HUN"]
[Source "chess.hu"]
[WhiteTeam "Gyulai SE"]
[BlackTeam "Bekesszentandras-KuTE"]
[WhiteTeamCountry "HUN"]
[BlackTeamCountry "HUN"]

1. e4 c5 2. c3 e6 3. d4 cxd4 4. cxd4 d5 5. e5 Be7 6. Nf3 h6 7. Bd3 Bb4+ 8. Nc3
Bxc3+ 9. bxc3 Ne7 10. O-O O-O 11. Nh4 f5 12. exf6 Rxf6 13. Nf3 Nbc6 14. Re1 Bd7
15. Rb1 Qc7 16. Be3 Raf8 17. Ne5 b6 18. Ng4 R6f7 19. Bxh6 Nf5 20. Bg5 Nce7 21.
Ne5 Qxc3 22. Nxd7 Rd8 23. Ne5 Rff8 24. Bxf5 Nxf5 25. Bxd8 Rxd8 26. Nf3 1-0

[Event "NB II. Toth Laszlo csoport"]
[Site "Gyula"]
[Date "2024.05.12"]
[Round "9.11"]
[White "Juhasz, Attila"]
[Black "Godo, Csongor"]
[Result "1/2-1/2"]
[WhiteElo "1635"]
[BlackElo "1508"]
[PlyCount "56"]
[EventDate "2023.10.08"]
[EventType "team-tourn"]
[EventRounds "9"]
[EventCountry "HUN"]
[Source "chess.hu"]
[WhiteTeam "Bekesszentandras-KuTE"]
[BlackTeam "Gyulai SE"]
[WhiteTeamCountry "HUN"]
[BlackTeamCountry "HUN"]

1. e4 e5 2. Nf3 Nc6 3. Bc4 Bc5 4. d3 Nf6 5. Bg5 O-O 6. Nc3 h6 7. Bh4 Bb4 8. O-O
Bxc3 9. bxc3 d6 10. h3 Be6 11. Bb3 Bxb3 12. cxb3 d5 13. exd5 Qxd5 14. Bxf6 gxf6
15. Qe2 Rfd8 16. Rad1 Qc5 17. Nh4 Ne7 18. Qg4+ Kh7 19. Qc4 Qxc4 20. bxc4 c5 21.
Rfe1 Ng6 22. Nxg6 Kxg6 23. Re4 Rd6 24. d4 cxd4 25. cxd4 exd4 26. Rexd4 Rxd4 27.
Rxd4 Rc8 28. a4 a6 1/2-1/2

[Event "NB II. Toth Laszlo csoport"]
[Site "Szeged"]
[Date "2024.05.12"]
[Round "9.1"]
[White "Csvila, Gabor"]
[Black "Csizmadia, Laszlo"]
[Result "1/2-1/2"]
[WhiteElo "2143"]
[BlackElo "2309"]
[PlyCount "35"]
[EventDate "2023.10.08"]
[EventType "team-tourn"]
[EventRounds "9"]
[EventCountry "HUN"]
[Source "chess.hu"]
[WhiteTeam "Neumann J. Egyetem"]
[BlackTeam "Maroczy SE II."]
[WhiteTeamCountry "HUN"]
[BlackTeamCountry "HUN"]

1. d3 d5 2. Nf3 Nf6 3. g3 g6 4. Bg2 Bg7 5. O-O O-O 6. Nbd2 b6 7. c4 Bb7 8. cxd5
Bxd5 9. Nc4 c5 10. Ne3 Bb7 11. Bd2 Nd5 12. Nxd5 Qxd5 13. Bc3 Nc6 14. Ne5 Qe6
15. Nxc6 Bxc6 16. Bxc6 Qxc6 17. Bxg7 Kxg7 18. Qc2 1/2-1/2

[Event "NB II. Toth Laszlo csoport"]
[Site "Szeged"]
[Date "2024.05.12"]
[Round "9.2"]
[White "Pap, Peter"]
[Black "Abel, Lajos"]
[Result "1/2-1/2"]
[WhiteElo "2194"]
[BlackElo "2185"]
[PlyCount "65"]
[EventDate "2023.10.08"]
[EventType "team-tourn"]
[EventRounds "9"]
[EventCountry "HUN"]
[Source "chess.hu"]
[WhiteTeam "Maroczy SE II."]
[BlackTeam "Neumann J. Egyetem"]
[WhiteTeamCountry "HUN"]
[BlackTeamCountry "HUN"]

1. e4 c6 2. d4 d5 3. e5 c5 4. Nf3 cxd4 5. Qxd4 Nc6 6. Qf4 e6 7. Bd3 Nb4 8. O-O
Nxd3 9. cxd3 Nh6 10. Nc3 Bd7 11. Ne2 Be7 12. Ned4 Nf5 13. Nxf5 exf5 14. Qg3 g5
15. Bxg5 Bxg5 16. Qxg5 Qxg5 17. Nxg5 Bb5 18. Rfd1 Rc8 19. Nf3 Ke7 20. Nd4 Bd7
21. f4 Rc5 22. Rac1 b6 23. Nb3 Rb5 24. Rc7 a5 25. Nd4 Rxb2 26. Rdc1 Ra8 27. Rb7
Ke8 28. Rcc7 Rc8 29. Rxc8+ Bxc8 30. Ra7 Bd7 31. Ra8+ Ke7 32. Ra7 Ke8 33. Ra8+
1/2-1/2

[Event "NB II. Toth Laszlo csoport"]
[Site "Szeged"]
[Date "2024.05.12"]
[Round "9.3"]
[White "Panda, Barnabas"]
[Black "Pap, Andras"]
[Result "0-1"]
[WhiteElo "2090"]
[BlackElo "2174"]
[PlyCount "72"]
[EventDate "2023.10.08"]
[EventType "team-tourn"]
[EventRounds "9"]
[EventCountry "HUN"]
[Source "chess.hu"]
[WhiteTeam "Neumann J. Egyetem"]
[BlackTeam "Maroczy SE II."]
[WhiteTeamCountry "HUN"]
[BlackTeamCountry "HUN"]

1. d4 Nf6 2. c4 g6 3. Nc3 Bg7 4. e4 d6 5. h3 O-O 6. Be3 e5 7. d5 Nbd7 8. g4 Nc5
9. f3 a5 10. Qd2 Ne8 11. O-O-O f5 12. exf5 gxf5 13. Bd3 Nxd3+ 14. Qxd3 Nf6 15.
Nge2 Nd7 16. gxf5 Nc5 17. Bxc5 dxc5 18. Ne4 Bh6+ 19. Kb1 Bxf5 20. N2g3 Bg6 21.
h4 b6 22. h5 Be8 23. Rde1 Bd7 24. Rhg1 Kh8 25. Qc3 Qe7 26. Nf2 Rae8 27. Ng4 Bf4
28. Ne4 Bg5 29. Ka1 Rf7 30. Nef2 Rff8 31. Nh3 Bxg4 32. Rxg4 Bh6 33. Rge4 Qf7
34. Rxe5 Bg7 35. Ng5 Qxh5 36. Ne6 Qxf3 0-1

[Event "NB II. Toth Laszlo csoport"]
[Site "Szeged"]
[Date "2024.05.12"]
[Round "9.5"]
[White "Andriska, Zsolt"]
[Black "Papp Z., Csaba"]
[Result "0-1"]
[WhiteElo "2046"]
[BlackElo "2109"]
[PlyCount "62"]
[EventDate "2023.10.08"]
[EventType "team-tourn"]
[EventRounds "9"]
[EventCountry "HUN"]
[Source "chess.hu"]
[WhiteTeam "Neumann J. Egyetem"]
[BlackTeam "Maroczy SE II."]
[WhiteTeamCountry "HUN"]
[BlackTeamCountry "HUN"]

1. e4 e5 2. Nf3 Nc6 3. Bb5 Bc5 4. O-O Qf6 5. c3 Nge7 6. a4 a6 7. Bc4 h6 8. b4
Bb6 9. a5 Ba7 10. Qe2 d6 11. d3 g5 12. Be3 Bg4 13. Nbd2 Ng6 14. Bxa7 Nxa7 15.
Qe3 O-O 16. Bd5 c6 17. Bb3 Nc8 18. Rfe1 Nce7 19. Rac1 Nf4 20. Bd1 Rad8 21. d4
Neg6 22. Rf1 Rfe8 23. Ne1 Bxd1 24. Rxd1 d5 25. Nef3 exd4 26. Nxd4 dxe4 27. Nxe4
Qe5 28. Rfe1 Nh4 29. Nc5 Qb8 30. Ne4 Kg7 31. g3 Nfg2 0-1

[Event "NB II. Toth Laszlo csoport"]
[Site "Szeged"]
[Date "2024.05.12"]
[Round "9.6"]
[White "Papp, Balazs"]
[Black "Lovas, Daniel Dr"]
[Result "0-1"]
[WhiteElo "2041"]
[BlackElo "2013"]
[PlyCount "126"]
[EventDate "2023.10.08"]
[EventType "team-tourn"]
[EventRounds "9"]
[EventCountry "HUN"]
[Source "chess.hu"]
[WhiteTeam "Maroczy SE II."]
[BlackTeam "Neumann J. Egyetem"]
[WhiteTeamCountry "HUN"]
[BlackTeamCountry "HUN"]

1. d4 Nf6 2. c4 g6 3. Nc3 d5 4. Bg5 dxc4 5. e4 c6 6. Bxc4 Bg7 7. Nf3 O-O 8. Qd2
b5 9. Bd3 a6 10. h4 h5 11. Bh6 Bg4 12. Bxg7 Kxg7 13. e5 Ng8 14. Qe3 Nh6 15. Ng5
Bf5 16. Be2 b4 17. Nce4 Bxe4 18. Qxe4 Qd5 19. Qd3 Nf5 20. Rd1 f6 21. Bf3 Qxa2
22. exf6+ exf6 23. Nh3 Qxb2 24. Nf4 Re8+ 25. Kf1 Qc3 26. Nxh5+ Kf7 27. Qb1 Nxd4
28. Nf4 f5 29. h5 Qc4+ 30. Qd3 Qxd3+ 31. Rxd3 Nxf3 32. hxg6+ Kf6 33. gxf3 Ra7
34. Rg1 Kg7 35. Rh1 Rae7 36. Rh7+ Kf6 37. Rh5 Rd7 38. Rh7 Rxd3 39. Nxd3 Kxg6
40. Rb7 a5 41. f4 Kf6 42. Nc5 Rd8 43. Ke2 Rd5 44. Nb3 Nd7 45. Ra7 Ke6 46. Nxa5
Rc5 47. Nb7 Rc2+ 48. Kd1 Rc4 49. Na5 Rd4+ 50. Kc2 c5 51. Ra6+ Kd5 52. Nb7 Ke4
53. Nd6+ Kxf4 54. Nb5 Re4 55. Rd6 Ne5 56. Rd5 c4 57. Nd4 Re1 58. Kd2 Ra1 59.
Ne2+ Ke4 60. Rd4+ Kf3 61. Rf4+ Kg2 62. Rxf5 Ra2+ 63. Kd1 Nf3 0-1

[Event "NB II. Toth Laszlo csoport"]
[Site "Szeged"]
[Date "2024.05.12"]
[Round "9.7"]
[White "Talmacsi, Jozsef"]
[Black "Borus, Andras"]
[Result "1-0"]
[WhiteElo "1984"]
[BlackElo "1960"]
[PlyCount "119"]
[EventDate "2023.10.08"]
[EventType "team-tourn"]
[EventRounds "9"]
[EventCountry "HUN"]
[Source "chess.hu"]
[WhiteTeam "Neumann J. Egyetem"]
[BlackTeam "Maroczy SE II."]
[WhiteTeamCountry "HUN"]
[BlackTeamCountry "HUN"]

1. d4 Nf6 2. Nf3 g6 3. g3 Bg7 4. Bg2 d6 5. O-O O-O 6. b3 Nbd7 7. Bb2 e5 8. dxe5
Ng4 9. Qc1 Ngxe5 10. Nxe5 Nxe5 11. c4 Re8 12. Nc3 Rb8 13. Rd1 b6 14. Qd2 f6 15.
Rac1 Kh8 16. Ba3 Bb7 17. Bxb7 Rxb7 18. Nd5 Qc8 19. Kg2 a5 20. Bb2 Rf8 21. f3
Ra7 22. a4 Qe6 23. Nc3 Nd7 24. Nb5 Rb7 25. Bd4 Rc8 26. e4 h5 27. Bf2 Kh7 28.
Qd5 Qxd5 29. exd5 Kg8 30. Re1 Kf7 31. Re6 Bf8 32. Rce1 Nc5 33. Bxc5 bxc5 34. g4
hxg4 35. fxg4 g5 36. R1e3 Rd8 37. Kf3 Rd7 38. Re8 Re7 39. R3xe7+ Bxe7 40. Ra8
Kg6 41. Rxa5 f5 42. gxf5+ Kxf5 43. Ra7 g4+ 44. Kg3 Rb8 45. Rxc7 Bf6 46. Rf7 Kg5
47. Kg2 Be5 48. Rd7 Rh8 49. Nxd6 Rxh2+ 50. Kg1 Rb2 51. Nf7+ Kf6 52. Nxe5 Kxe5
53. Re7+ Kf4 54. d6 Kf3 55. Rf7+ Kg3 56. Kf1 Rd2 57. d7 Kh2 58. Rf2+ Rxf2+ 59.
Kxf2 g3+ 60. Kf3 1-0

[Event "NB II. Toth Laszlo csoport"]
[Site "Szeged"]
[Date "2024.05.12"]
[Round "9.8"]
[White "Ohat, Imre"]
[Black "Bagi, Lajos"]
[Result "1/2-1/2"]
[WhiteElo "1963"]
[BlackElo "1822"]
[PlyCount "67"]
[EventDate "2023.10.08"]
[EventType "team-tourn"]
[EventRounds "9"]
[EventCountry "HUN"]
[Source "chess.hu"]
[WhiteTeam "Maroczy SE II."]
[BlackTeam "Neumann J. Egyetem"]
[WhiteTeamCountry "HUN"]
[BlackTeamCountry "HUN"]

1. d4 d5 2. Nf3 e6 3. e3 Nf6 4. Bd3 Be7 5. Nbd2 Nbd7 6. O-O O-O 7. c3 b6 8. e4
dxe4 9. Nxe4 Bb7 10. Qe2 c5 11. Ng3 Re8 12. Rd1 Qc7 13. Ba6 Rad8 14. Bxb7 Qxb7
15. Bg5 h6 16. Bxf6 Bxf6 17. Ne4 Be7 18. dxc5 Nxc5 19. Nxc5 Bxc5 20. Rd2 Qc7
21. Rad1 Be7 22. Qb5 Kf8 23. h3 Rxd2 24. Rxd2 Rd8 25. Qe2 Bf6 26. Qd1 Rxd2 27.
Qxd2 Ke8 28. Qd3 Qd7 29. Ne1 Qxd3 30. Nxd3 a5 31. Kf1 Kd7 32. Ke2 Kd6 33. Ne1
Kc5 34. Kd3 1/2-1/2

[Event "NB II. Toth Laszlo csoport"]
[Site "Szeged"]
[Date "2024.05.12"]
[Round "9.9"]
[White "Bodo, Tibor"]
[Black "Bernath, Robert"]
[Result "1/2-1/2"]
[WhiteElo "1780"]
[BlackElo "1931"]
[PlyCount "38"]
[EventDate "2023.10.08"]
[EventType "team-tourn"]
[EventRounds "9"]
[EventCountry "HUN"]
[Source "chess.hu"]
[WhiteTeam "Neumann J. Egyetem"]
[BlackTeam "Maroczy SE II."]
[WhiteTeamCountry "HUN"]
[BlackTeamCountry "HUN"]

1. d4 Nf6 2. Nf3 d5 3. e3 e6 4. Bd3 c5 5. b3 Nbd7 6. Bb2 b6 7. Nbd2 Bb7 8. O-O
Be7 9. Ne5 O-O 10. f4 Ne4 11. Nxd7 Qxd7 12. Qe2 Nxd2 13. Qxd2 f5 14. Rf3 a5 15.
a4 Ba6 16. Bxa6 Rxa6 17. Qd3 Raa8 18. Rh3 h6 19. Rd1 Bf6 1/2-1/2

[Event "NB II. Toth Laszlo csoport"]
[Site "Szeged"]
[Date "2024.05.12"]
[Round "9.10"]
[White "Tenk, Zoltan"]
[Black "Panda, Gyorgy"]
[Result "1/2-1/2"]
[WhiteElo "1859"]
[BlackElo "1707"]
[PlyCount "22"]
[EventDate "2023.10.08"]
[EventType "team-tourn"]
[EventRounds "9"]
[EventCountry "HUN"]
[Source "chess.hu"]
[WhiteTeam "Maroczy SE II."]
[BlackTeam "Neumann J. Egyetem"]
[WhiteTeamCountry "HUN"]
[BlackTeamCountry "HUN"]

1. e4 c5 2. Nf3 e6 3. d4 cxd4 4. Nxd4 a6 5. a4 Nf6 6. Nc3 Qc7 7. Bd3 Nc6 8.
Nxc6 bxc6 9. O-O d5 10. Bg5 Be7 11. Qe2 Nxe4 1/2-1/2

[Event "NB II. Toth Laszlo csoport"]
[Site "Szeged"]
[Date "2024.05.12"]
[Round "9.11"]
[White "Egyed, Endre"]
[Black "Pluhar, Andras"]
[Result "0-1"]
[WhiteElo "1732"]
[BlackElo "1870"]
[PlyCount "108"]
[EventDate "2023.10.08"]
[EventType "team-tourn"]
[EventRounds "9"]
[EventCountry "HUN"]
[Source "chess.hu"]
[WhiteTeam "Neumann J. Egyetem"]
[BlackTeam "Maroczy SE II."]
[WhiteTeamCountry "HUN"]
[BlackTeamCountry "HUN"]

1. e4 e5 2. Nf3 Nc6 3. Bc4 Nf6 4. Ng5 d5 5. exd5 b5 6. Bf1 Qxd5 7. Nc3 Qc5 8.
Bxb5 Bd7 9. O-O h6 10. Nf3 Bd6 11. d3 O-O 12. Be3 Qb4 13. a3 Qg4 14. Bc4 Rad8
15. Nb5 Bc8 16. Nxd6 cxd6 17. Ba2 d5 18. d4 e4 19. Ne5 Qe6 20. Nxc6 Qxc6 21.
Qd2 Nh7 22. Rfc1 Qg6 23. Kh1 Be6 24. b3 f5 25. c4 Qg4 26. Bf4 g5 27. Be5 f4 28.
c5 f3 29. g3 h5 30. Rg1 Nf6 31. b4 Rd7 32. b5 Rg7 33. a4 h4 34. a5 Qh5 35. g4
Bxg4 36. Bxf6 Rxf6 37. Bxd5+ Be6 38. Bxe6+ Rxe6 39. d5 Re5 40. h3 Qf7 41. b6 e3
42. bxa7 Qxa7 43. Qd4 Qe7 44. Rae1 Re4 45. Qd3 exf2 46. Rxe4 fxg1=Q+ 47. Kxg1
Qxc5+ 48. Re3 g4 49. Kf2 g3+ 50. Kxf3 Qf8+ 51. Ke2 Qf2+ 52. Kd1 g2 53. Re7 Qg1+
54. Kc2 Qc5+ 0-1

[Event "NB II. Toth Laszlo csoport"]
[Site "Szeged"]
[Date "2024.05.12"]
[Round "9.12"]
[White "Korosi, Zsombor"]
[Black "Gajdos, Mark"]
[Result "0-1"]
[WhiteElo "1799"]
[BlackElo "1639"]
[PlyCount "92"]
[EventDate "2023.10.08"]
[EventType "team-tourn"]
[EventRounds "9"]
[EventCountry "HUN"]
[Source "chess.hu"]
[WhiteTeam "Maroczy SE II."]
[BlackTeam "Neumann J. Egyetem"]
[WhiteTeamCountry "HUN"]
[BlackTeamCountry "HUN"]

1. e4 e5 2. Nf3 Nc6 3. d4 exd4 4. Nxd4 Bc5 5. Be3 Qf6 6. c3 Nge7 7. Bb5 Bb6 8.
O-O O-O 9. Qh5 Nxd4 10. cxd4 c6 11. Bd3 Qg6 12. Qe2 d6 13. f4 f5 14. e5 d5 15.
Nd2 Qe8 16. Rf3 Be6 17. Rg3 Kh8 18. Nf3 Bd8 19. Ng5 Ng8 20. Rh3 Bxg5 21. fxg5
g6 22. Rf1 Rc8 23. Qc2 Rc7 24. Bd2 Rcf7 25. Rhf3 Ne7 26. h4 Qd7 27. Bb4 b6 28.
h5 Rc8 29. hxg6 hxg6 30. g4 c5 31. dxc5 Nc6 32. gxf5 Bxf5 33. Bxf5 Rxf5 34.
Rxf5 gxf5 35. Bc3 d4 36. Be1 d3 37. Qh2+ Kg8 38. Bc3 Nd4 39. e6 Qd5 40. Qg2
Ne2+ 41. Kh2 Qxe6 42. Re1 Rxc5 43. Qh3 Rxc3 44. bxc3 Qe5+ 45. Kh1 Ng3+ 46. Kg2
Qxe1 0-1

[Event "NB II. Toth Laszlo csoport"]
[Site "Bekes"]
[Date "2024.05.12"]
[Round "9.1"]
[White "Restas, Peter"]
[Black "Samu, Gabor Jr"]
[Result "1/2-1/2"]
[WhiteElo "2041"]
[BlackElo "2317"]
[PlyCount "42"]
[EventDate "2023.10.08"]
[EventType "team-tourn"]
[EventRounds "9"]
[EventCountry "HUN"]
[Source "chess.hu"]
[WhiteTeam "Duocor-Makoi SVSE II"]
[BlackTeam "Bekesi TE"]
[WhiteTeamCountry "HUN"]
[BlackTeamCountry "HUN"]

1. d4 d5 2. c4 c6 3. Nc3 Nf6 4. cxd5 cxd5 5. Bf4 Nc6 6. e3 a6 7. Bd3 e6 8. Rc1
Bd7 9. h3 Rc8 10. Nf3 Be7 11. O-O O-O 12. Qe2 Re8 13. a3 h6 14. e4 dxe4 15.
Nxe4 Nxe4 16. Bxe4 Qa5 17. Rfd1 Qb5 18. Qxb5 axb5 19. Ne5 Red8 20. Nxd7 Rxd7
21. d5 Rcd8 1/2-1/2

[Event "NB II. Toth Laszlo csoport"]
[Site "Bekes"]
[Date "2024.05.12"]
[Round "9.2"]
[White "Varga, Tamas"]
[Black "Csikos, Mihaly"]
[Result "1/2-1/2"]
[WhiteElo "2148"]
[BlackElo "2054"]
[PlyCount "119"]
[EventDate "2023.10.08"]
[EventType "team-tourn"]
[EventRounds "9"]
[EventCountry "HUN"]
[Source "chess.hu"]
[WhiteTeam "Bekesi TE"]
[BlackTeam "Duocor-Makoi SVSE II"]
[WhiteTeamCountry "HUN"]
[BlackTeamCountry "HUN"]

1. e4 e5 2. Nf3 Nf6 3. Nc3 Nc6 4. Bb5 d6 5. h3 Bd7 6. d4 Nxd4 7. Nxd4 exd4 8.
Bxd7+ Qxd7 9. Qxd4 Be7 10. Be3 Qc6 11. O-O O-O 12. b4 b6 13. Qd3 Rfe8 14. b5
Qb7 15. a4 Bf8 16. a5 Rad8 17. axb6 axb6 18. Bg5 Be7 19. Bxf6 Bxf6 20. Ra4 Bxc3
21. Qxc3 Re5 22. Rc4 Rc5 23. Rxc5 bxc5 24. Qd3 Re8 25. f3 Qa7 26. Qd5 g6 27.
Qc6 Rb8 28. c4 Kg7 29. f4 Qb7 30. Qxb7 Rxb7 31. Ra1 f5 32. e5 Kf7 33. Ra6 Ke7
34. Kf2 Kd7 35. Ke3 Rb8 36. exd6 Re8+ 37. Kd3 Re6 38. Ra8 Rxd6+ 39. Ke3 Re6+
40. Kf3 Re8 41. Ra7 Re6 42. g4 Rd6 43. gxf5 gxf5 44. Kg3 Rh6 45. Ra6 Rd6 46.
Kh4 Rd4 47. Kg5 Rxc4 48. b6 cxb6 49. Rxb6 Rb4 50. Rh6 c4 51. Rxh7+ Kd6 52. Rh8
Kd5 53. Kxf5 c3 54. Rd8+ Kc4 55. Ke4 c2 56. Rc8+ Kb3+ 57. Kd3 Rxf4 58. Rb8+ Rb4
59. Rc8 Rf4 60. Rb8+ 1/2-1/2